|
|
|
|
| LEADER |
00000nab a2200000 a 4500 |
| 001 |
vtls010293924 |
| 003 |
SK-MaSNL |
| 005 |
20260304162926.0 |
| 008 |
250507c20113-4 xo r p 000 00slo |
| 015 |
|
|
|a SNBRB2011/07SVKPO
|
| 035 |
|
|
|a (uuid)f7344d58-10db-44a4-a49f-c7ee600b7dd8
|
| 035 |
|
|
|a urn:nbn:sk:snk-ababsq
|
| 035 |
|
|
|a (urnnbn)urn:nbn:sk:snk:ar-a09w1h
|
| 038 |
|
|
|a SVKPOCL
|
| 040 |
|
|
|a SNKBUCL
|b slo
|c SNKBUCL
|e AACR2
|
| 041 |
0 |
|
|a slo
|
| 044 |
|
|
|a xo
|c SK
|
| 080 |
|
|
|a 628.113(437.6)
|2 2001
|
| 080 |
|
|
|a 556.5(437.6)
|2 2001
|
| 080 |
|
|
|a 502.51(437.6)
|2 2001
|
| 245 |
0 |
0 |
|a Povrchové vody v Slovenskej republike a Rámcová smernica o vode
|c Katarína Kučárová ... [et al.]
|
| 300 |
|
|
|a Tab.
|
| 504 |
|
|
|a Bibliogr. odkazy
|
| 630 |
0 |
7 |
|a Rámcová smernica o vode
|2 svkpocl
|9 1485280
|
| 650 |
0 |
7 |
|a povrchové vody
|2 svkpocl
|9 29361
|
| 650 |
0 |
7 |
|a voda
|x ochrana
|x Slovensko
|x smernice
|2 svkpocl
|9 1485281
|
| 700 |
1 |
|
|a Kučárová, Katarína
|4 aut
|9 502661
|
| 700 |
1 |
|
|a Valúchová, Magdaléna
|4 aut
|9 502662
|
| 700 |
1 |
|
|a Tóthová, Lívia
|4 aut
|9 297286
|
| 700 |
1 |
|
|a Magulová, Renáta
|4 aut
|9 813633
|
| 773 |
0 |
|
|t Vodohospodársky spravodajca
|g Roč. 54, č. 3-4 (2011), s. 23-26
|x 0322-886X
|
| 850 |
|
|
|a Slovenská národná knižnica
|
| 852 |
|
|
|a Slovenská národná knižnica
|
| 954 |
|
|
|a odborná, vedecká literatúra pôvodná (slovenská)
|2 lita
|
| 958 |
|
|
|a article14
|
| 958 |
|
|
|a NB
|
| 958 |
|
|
|a SK
|
| 958 |
|
|
|a OND
|
| 958 |
|
|
|a EUIPO
|
| 999 |
|
|
|c 2975943
|d 2977873
|